000 00634nam a2200217 a 4500
005 20230519063626.0
008 991125m19321958es 000 0 spa u
035 _aUPN01000114980
049 _aCG
050 4 _aLB1025
_bS3.38 1958
100 1 _aSchmieder, A.
245 1 0 _aDidáctica general /
_cA. y J. Schmieder ; tr. S. Duñaiturria.
250 _a5a ed.
260 _aBuenos Aires :
_bLosada,
_c1932 (1958 impr.).
300 _a178 p.
440 0 _aBiblioteca pedagógica ;
_v[10]
650 4 _aPEDAGOGIA -
_xFUNDAMENTOS
650 4 _aEducación
_xMetodología
_912791
700 1 _aSchmieder, J.,
_ecoaut.
905 _aLibro
999 _c88687
_d88687